000 00335nam a2200133Ia 4500
005 20260326235445.0
008 260326s9999||||xx |||||||||||||| ||und||
100 _aUniversidad Católica de Chile
245 0 _aSmiljan Radic /
_cUniversidad Católica de Chile
260 _bARQ
300 _a79 p.
650 _aARQUITECTOS
942 _cBK
999 _c7567
_d7567